Tuyển tập Nguyễn Công Hoan

में बचाया:
ग्रंथसूची विवरण
मुख्य लेखक: Nguyễn Công Hoan
स्वरूप: पुस्तक
टैग : टैग जोड़ें
कोई टैग नहीं, इस रिकॉर्ड को टैग करने वाले पहले व्यक्ति बनें!
Thư viện lưu trữ: Mạng thư viện Đại học Đà Nẵng
LEADER 00580nam a2200205 4500
001 000005192
003 1335
005 20150812140849.0
008 110811s sd
100 0 |a Nguyễn Công Hoan 
245 0 0 |a Tuyển tập Nguyễn Công Hoan  |c Nguyễn Công Hoan 
774 |a Nguyễn Công Hoan  |d Văn học  |d H.  |d 1986  |g Tập 3  |h 378 tr  |w 1336 
OWN |a LSP 
999 |a From the UDN01 
TYP |a Monograph 
TYP |a Printed language 
980 |a Mạng thư viện Đại học Đà Nẵng